اقبال شعاری / (Record no. 107237)

MARC details
000 -LEADER
fixed length control field 00778nam a22002537a 4500
005 - DATE AND TIME OF LATEST TRANSACTION
control field 20170123162323.0
010 ## - LIBRARY OF CONGRESS CONTROL NUMBER
LC control number 088848
020 ## - INTERNATIONAL STANDARD BOOK NUMBER
Terms of availability 00.00
035 ## - SYSTEM CONTROL NUMBER
System control number 088848
037 ## - SOURCE OF ACQUISITION
Source of stock number/acquisition Cen Lib/Ret
040 ## - CATALOGING SOURCE
Original cataloging agency DPL
Language of cataloging UR
082 ## - DEWEY DECIMAL CLASSIFICATION NUMBER
Classification number 841.08
Item number ا ق ب
100 ## - MAIN ENTRY--PERSONAL NAME
Personal name عبدل ملک آروی
9 (RLIN) 139199
245 ## - TITLE STATEMENT
Title اقبال شعاری /
Statement of responsibility, etc عبدل ملک آروی
246 ## - VARYING FORM OF TITLE
Title proper/short title Iqbal ki shayari /
Remainder of title by Abdul Malik Arvi
260 ## - PUBLICATION, DISTRIBUTION, ETC. (IMPRINT)
Place of publication, distribution, etc بدایوں
Name of publisher, distributor, etc مطبوعہ نظامی پریس
Date of publication, distribution, etc 1950
270 ## - ADDRESS
Address
City بدایوں
300 ## - PHYSICAL DESCRIPTION
Extent 417p.
Dimensions 18cm(Hb)
650 ## - SUBJECT ADDED ENTRY--TOPICAL TERM
Topical term or geographic name as entry element اردو ادب
9 (RLIN) 139200
650 ## - SUBJECT ADDED ENTRY--TOPICAL TERM
Topical term or geographic name as entry element اردو نظم
9 (RLIN) 139201
650 ## - SUBJECT ADDED ENTRY--TOPICAL TERM
Topical term or geographic name as entry element Urdu literature
9 (RLIN) 139202
650 ## - SUBJECT ADDED ENTRY--TOPICAL TERM
Topical term or geographic name as entry element Urdu poetry
9 (RLIN) 139203
942 ## - ADDED ENTRY ELEMENTS (KOHA)
Source of classification or shelving scheme Dewey Decimal Classification
Koha item type Urdu Bks
Classification part 841.08
Call number suffix ا ق ب
Holdings
Withdrawn status Lost status Damaged status Not for loan Home library Current library Date acquired Source of acquisition Cost, normal purchase price Total Checkouts Full call number Barcode Date last seen Copy number Cost, replacement price Price effective from Koha item type
        Central Library Central Library 05/01/2016 Cen Lib/Ret 0.00   841.08 ا ق ب 088848 05/01/2016 1 0.00 05/01/2016 Urdu Bks

© Delhi Public Library
Hit Counter
free hit counter